Discutir el Estado : posiciones frente a una tesis de Louis Althusser /
A partir de una tesis del Estado presentada por Althusser en 1977 los exponentes más significativos del marxismo teórico europeo discuten en esta obra el funcionamiento efectivo de los aparatos de poder de las formas nuevas de gobierno.
Guardado en:
| Otros autores: | |
|---|---|
| Formato: | Libro |
| Idioma: | Español |
| Publicado: |
México :
Folios,
1982, c1982
|
| Colección: | (El Tiempo de la Política ;
7) |
| Temas: | |
| Etiquetas: |
Sin etiquetas, Sé el primero en etiquetar este registro!
|
MARC
| LEADER | 00000nam^a2200000^a^4500 | ||
|---|---|---|---|
| 001 | 000025631 | ||
| 005 | 20250521000000.0 | ||
| 009 | 20260310084658.352 | ||
| 020 | |a 968-478-019-2 | ||
| 037 | |a Acervo ITESO - Biblioteca | ||
| 041 | |a ESP | ||
| 082 | |a 320. 012 |b DIS | ||
| 245 | 0 | 0 | |a Discutir el Estado : |b posiciones frente a una tesis de Louis Althusser / |c L. Althusser... [et al.] ; tr. por Romeo Medina. |
| 264 | 4 | |a México : |b Folios, |c 1982, c1982 | |
| 300 | |a 258 p. | ||
| 336 | |a texto |b txt |2 rdacontenido | ||
| 337 | |a sin mediación |b n |2 rdamedio | ||
| 338 | |a volumen |b nc |2 rdasoporte | ||
| 440 | 3 | |a (El Tiempo de la Política ; |v 7) | |
| 500 | |a Traducción de: Discutere lo Stato. Posizione a confronto su una tesi di Louis Althusser | ||
| 520 | |a A partir de una tesis del Estado presentada por Althusser en 1977 los exponentes más significativos del marxismo teórico europeo discuten en esta obra el funcionamiento efectivo de los aparatos de poder de las formas nuevas de gobierno. | ||
| 649 | |a XX | ||
| 650 | |a Estado, El - |x Teoría - |x Tema Principal | ||
| 650 | |a Estado, El - |x Filosofía - |x Tema Principal | ||
| 650 | |a Marxismo - |x Filosofía | ||
| 650 | |a Política - |x Teoría | ||
| 650 | |a Filosofía Política | ||
| 650 | |a Filosofía del Siglo XX | ||
| 700 | |a Althusser, Louis |e (autor) | ||
| 910 | |a Fondo General | ||
| 920 | |a Impresos - Libros | ||
| 930 | |a Colección General | ||
| 905 | |a 101 | ||
| 901 | |a 0256310100 |b IT1 |c ACC |i 025631 |u 20250521 | ||
| 902 | |a https://opac.biblio.iteso.mx/vufind/Record/000025631 | ||